000 00372 a2200109 4500
001 ART_10970
005 20260410161849.0
008 260409a
245 1 0 _aLa mercancía patrón generalizada para trabajo heterogéneo y equilibrio general
100 1 _aEscudé, Guillermo J.
773 0 _tEconómica
_g- Año XXVIII, Nº 1/2 (ene./ago. 1982)
_wREV7541
999 _c24813
_d24813